000 00857nas a2200253 4500
001 BR8705571
003 BR-BrBNA
005 20231205090805.0
007 ta
008 230509b bl.|||p| |||| 00| 00por d
040 _aBR-BrBNA
_bpor
_cBiblioteca Nacional de Agricultura
041 _a(Pt)
072 _aH10
100 1 _aRaposo Filho, J.R.
100 1 _aRodrigues, V.M.
245 1 _aVespideos sociais: condicoes dos ovariolos durante o ciclo de desenvolvimento das colonias de Mischocyttarus (Monocyttarus)extinctus Zikan, 1935 (vespidae, Polistinae, Polybiini)
650 _aVESPA
650 _aBIOLOGIA
650 _aREPRODUCAO
650 _aPREDADOR
773 0 _tRevista Brasileira de Entomologia (Brazil)
_xISSN 0085-5626
_g(Oct 1984), v. 28(2) p. 295-300
_wBR8705571
909 _a202311
_bLúcia
_c55
_dLúcia Elande
942 _2AGRIS
_n0
_cANA
999 _c120857
_d120857